| 000 | 00814nam a2200265Ia 4500 | ||
|---|---|---|---|
| 003 | OSt | ||
| 005 | 20220926021000.0 | ||
| 006 | a|||||r|||| 00| 0 | ||
| 007 | ta | ||
| 008 | 220923b |||||||| |||| 00| 0 eng d | ||
| 020 |
_a0387954600 _c1338.02 |
||
| 037 |
_b3741, 20/07/2009, RAJKIRAN BOOK AGENCY _cGeneral Book |
||
| 040 |
_aRTL _cRTL _beng |
||
| 041 |
_2eng _aeng |
||
| 082 | _aB245, P2 | ||
| 100 |
_aSerre Denis _9325491 |
||
| 245 | 0 |
_aMatrices _b Theory and applications |
|
| 260 |
_aNew York _bSpringer-Verlag _c2002 |
||
| 300 |
_axv, 202p _ccm. |
||
| 490 | _aGraduate Texts in Mathematics, 216 | ||
| 500 | _aBibliography: P 195-197 | ||
| 650 | _aEconomics | ||
| 942 |
_hB245, P2 _cGB _2CC |
||
| 999 |
_c635354 _d635354 |
||